Bayesian disease mapping (Record no. 11991)
[ view plain ]
| 000 -LEADER | |
|---|---|
| fixed length control field | 01682nam a2200349Ia 4500 |
| 001 - CONTROL NUMBER | |
| control field | CAH00CE8407PDF |
| 003 - CONTROL NUMBER IDENTIFIER | |
| control field | BD-DhSAU |
| 005 - DATE AND TIME OF LATEST TRANSACTION | |
| control field | 20151012144308.0 |
| 006 - FIXED-LENGTH DATA ELEMENTS--ADDITIONAL MATERIAL CHARACTERISTICS | |
| fixed length control field | m|||||o||d|||||||| |
| 007 - PHYSICAL DESCRIPTION FIXED FIELD--GENERAL INFORMATION | |
| fixed length control field | cr|||| |
| 008 - FIXED-LENGTH DATA ELEMENTS--GENERAL INFORMATION | |
| fixed length control field | 080523s2008 flu sb 001 0 eng d |
| 020 ## - INTERNATIONAL STANDARD BOOK NUMBER | |
| International Standard Book Number | 9781584888413 (ebook : PDF) |
| 040 ## - CATALOGING SOURCE | |
| Original cataloging agency | BD-DhSAU |
| Transcribing agency | BD-DhSAU |
| 090 ## - LOCALLY ASSIGNED LC-TYPE CALL NUMBER (OCLC); LOCAL CALL NUMBER (OCLC) | |
| Classification number (OCLC) (R) ; Classification number, CALL (RLIN) (NR) | RA792.5 |
| Local cutter number (OCLC) ; Book number/undivided call number, CALL (RLIN) | .L387 2008 |
| 092 ## - LOCALLY ASSIGNED DEWEY CALL NUMBER (OCLC) | |
| Classification number | 614.42 |
| Item number | L425 |
| 100 1# - MAIN ENTRY--PERSONAL NAME | |
| Personal name | Lawson, Andrew |
| Fuller form of name | (Andrew B.) |
| 245 10 - TITLE STATEMENT | |
| Title | Bayesian disease mapping |
| Medium | [electronic resource] : |
| Remainder of title | hierarchical modeling in spatial epidemiology / |
| Statement of responsibility, etc. | Andrew B. Lawson. |
| 260 ## - PUBLICATION, DISTRIBUTION, ETC. (IMPRINT) | |
| Place of publication, distribution, etc. | Boca Raton : |
| Name of publisher, distributor, etc. | Taylor & Francis, |
| Date of publication, distribution, etc. | 2008. |
| 300 ## - PHYSICAL DESCRIPTION | |
| Extent | 368 p. |
| 490 1# - SERIES STATEMENT | |
| Series statement | Chapman & Hall/CRC interdisciplinary statistics series |
| 504 ## - BIBLIOGRAPHY, ETC. NOTE | |
| Bibliography, etc | Includes bibliographical references and index. |
| 505 0# - FORMATTED CONTENTS NOTE | |
| Formatted contents note | Bayesian inference and modeling -- Computational issues -- Residuals and goodness-of-fit -- Disease map reconstruction and relative risk estimation -- Disease cluster detection -- Ecological analysis -- Multiple scale analysis -- Multivariate disease analysis -- Spatial survival and longitudinal analysis -- Spatiotemporal disease mapping. |
| 530 ## - ADDITIONAL PHYSICAL FORM AVAILABLE NOTE | |
| Additional physical form available note | Also available in print edition. |
| Availability source | CRC Press (http://www.crcpress.com) |
| 538 ## - SYSTEM DETAILS NOTE | |
| System details note | Mode of access: World Wide Web. |
| 650 #0 - SUBJECT ADDED ENTRY--TOPICAL TERM | |
| Topical term or geographic name as entry element | Medical mapping. |
| 650 #0 - SUBJECT ADDED ENTRY--TOPICAL TERM | |
| Topical term or geographic name as entry element | Epidemiology |
| General subdivision | Statistical methods. |
| 650 #0 - SUBJECT ADDED ENTRY--TOPICAL TERM | |
| Topical term or geographic name as entry element | Bayesian statistical decision theory. |
| 655 #7 - INDEX TERM--GENRE/FORM | |
| Genre/form data or focus term | Electronic books. |
| Source of term | lcsh |
| 776 1# - ADDITIONAL PHYSICAL FORM ENTRY | |
| International Standard Book Number | 9781584888406 |
| 830 #0 - SERIES ADDED ENTRY--UNIFORM TITLE | |
| Uniform title | Interdisciplinary statistics. |
| 856 40 - ELECTRONIC LOCATION AND ACCESS | |
| Uniform Resource Identifier | <a href="http://marc.crcnetbase.com/isbn/9781584888413">http://marc.crcnetbase.com/isbn/9781584888413</a> |
| Electronic format type | application/PDF |
No items available.
